| 000 | 00974nam a22002537a 4500 | ||
|---|---|---|---|
| 005 | 20140721151138.0 | ||
| 008 | 140127b ck ||||| |||| 00| 0 spa d | ||
| 020 | _a9588151915 | ||
| 041 | _aspa | ||
| 082 | 0 | 4 |
_a333.79 _bU68a |
| 245 | 0 | 0 | _aAtlas del potencial energético de la biomasa residual en Colombia |
| 260 |
_aBogotá _bUnidad de Planeación Minero Energética _bIDEAM _bColciencias _bUniversidad Industrial de Santander _c[s.f.] |
||
| 300 |
_a180 p. _bil., tablas, mapas _c34 cm. |
||
| 650 |
_aRecursos energéticos _vatlas _yColombia _924993 |
||
| 650 | 1 | 6 |
_aEnergía eléctrica _vatlas _yColombia _924994 |
| 650 | 1 | 6 |
_aGas natural _vatlas _yColombia _924995 |
| 650 | 1 | 6 |
_aBiomasa _vatlas _yColombia _924996 |
| 700 | 1 |
_aEscalante-Hernández, Humberto _924997 |
|
| 700 | 1 |
_aOrduz-Prada, Janneth _924998 |
|
| 700 | 1 |
_aZapata-Lesmes, Henry Josué _924999 |
|
| 700 | 1 |
_aCardona-Ruiz, María Cecilia _925000 |
|
| 700 | 1 |
_aDuarte-Ortega, Martha _925001 |
|
| 942 |
_cLIBRO _2ddc _01 |
||
| 999 |
_c8559 _d8559 |
||